Právny úkon týkajúci sa vzniku, zmeny a skončenia pracovného pomeru a jeho doručenie
Právne úkony v pracovnom práve. Právne úkony, pri ktorých je písomná forma podmienkou ich platnosti v súvislosti so vznikom, zmenou a skončením pracovného pomeru v ustanoveniach Zákonníka práce. Právne úkony, pri ktorých nie je písomná forma podmienkou ich platnosti. Doručenie právneho úkonu.
Gespeichert in:
| 1. Verfasser: | |
|---|---|
| Format: | Buchkapitel |
| Sprache: | Slowakisch |
| Schlagworte: | |
| Tags: |
Keine Tags, Fügen Sie das erste Tag hinzu!
|
MARC
| LEADER | 00000naa a2200000 4500 | ||
|---|---|---|---|
| 001 | r033241 | ||
| 005 | 20230926072829.5 | ||
| 041 | 0 | |a slo | |
| 044 | |a SK | ||
| 245 | 1 | 0 | |a Právny úkon týkajúci sa vzniku, zmeny a skončenia pracovného pomeru a jeho doručenie |c Mária Rybárová |
| 520 | |a Právne úkony v pracovnom práve. Právne úkony, pri ktorých je písomná forma podmienkou ich platnosti v súvislosti so vznikom, zmenou a skončením pracovného pomeru v ustanoveniach Zákonníka práce. Právne úkony, pri ktorých nie je písomná forma podmienkou ich platnosti. Doručenie právneho úkonu. | ||
| 610 | 2 | 0 | |a právo pracovné |
| 610 | 2 | 0 | |a úkony právne |
| 610 | 2 | 0 | |a zákonník práce |
| 610 | 2 | 0 | |a vznik pomeru pracovného |
| 610 | 2 | 0 | |a skončenie pomeru pracovného |
| 100 | 1 | |a Rybárová, Mária | |